书目信息 |
| 题名: |
城市空间解析
|
|
| 作者: | 段进 , 季松 , 王海宁 著 | |
| 分册: | ||
| 出版信息: | 北京 中国建筑工业出版社 2002.01 |
|
| 页数: | 253页 | |
| 开本: | 26cm | |
| 丛书名: | ||
| 单 册: | ||
| 中图分类: | TU-098.12 | |
| 科图分类: | ||
| 主题词: | 建筑史 | |
| 电子资源: | ||
| ISBN: | 7-112-04735-8 | |
| 000 | 00771nam0 2200229 45 | |
| 001 | 0262504452 | |
| 005 | 2002110617214445 | |
| 010 | @a7-112-04735-8@b精装@dRMB 62.00 | |
| 100 | @a20021106d2002 km y0chiy0120 ea | |
| 101 | 0 | @achi |
| 102 | @aCN@b110000 | |
| 200 | 1 | @a城市空间解析@Acheng shi kong jian jie xi@e太湖流域古镇空间结构与形态@f段进,季松,王海宁著@FDuan Jin,Ji Song,Wang Hai Ning Zhu |
| 210 | @a北京@c中国建筑工业出版社@d2002.01 | |
| 215 | @a253页@d26cm | |
| 517 | @a太湖流域古镇空间结构与形态@ATai Hu Liu Yu Gu Zhen Kong Jian Jie Gou Yu Xing Tai | |
| 606 | 0 | @a建筑史 |
| 690 | @aTU-098.12@v3 | |
| 701 | 0 | @a段进@ADuan Jin@4著 |
| 701 | 0 | @a季松@AJi Song@4著 |
| 701 | 0 | @a王海宁@AWang Hai Ning@4著 |
| 801 | 0 | @aCN@bPFT@c20021106 |
| 905 | @a@dTU-098.12@eD923 | |
| 城市空间解析:太湖流域古镇空间结构与形态/段进,季松,王海宁著.-北京:中国建筑工业出版社,2002.01 |
| 253页;26cm |
| ISBN 7-112-04735-8(精装):RMB 62.00 |
| ● |
| 相关链接 |
|
|
|
正题名:城市空间解析
索取号:TU-098.12/D923
 
预约/预借
| 序号 | 登录号 | 条形码 | 馆藏地/架位号 | 状态 | 备注 |
| 1 | 371836 | 203718361 | 建筑库101/101建筑库 9排1列1层/ [索取号:TU-098.12/D923] | 在馆 | |
| 2 | 371837 | 203718370 | 建筑与城市规划学院资料室/101建筑库 108排5列1层/ [索取号:TU-098.12/D923] | 在馆 | |
| 3 | 371838 | 203718389 | 建筑库101/101建筑库 9排1列1层/ [索取号:TU-098.12/D923] | 在馆 |